Cell phone dependency and the academic performance of high school students in Bernardo F. San Juan national high school (Record no. 74485)

MARC details
000 -LEADER
fixed length control field 03677nam a22002897i 4500
003 - CONTROL NUMBER IDENTIFIER
control field URS
003 - CONTROL NUMBER IDENTIFIER
control field URS
005 - DATE AND TIME OF LATEST TRANSACTION
control field 20240416181552.0
008 - FIXED-LENGTH DATA ELEMENTS--GENERAL INFORMATION
fixed length control field 170114b xxu||||| |||| 00| 0 eng d
040 ## - CATALOGING SOURCE
Original cataloging agency URS
Language of cataloging eng
Description conventions rda
041 ## - LANGUAGE CODE
Language code of text/sound track or separate title eng
050 00 - LIBRARY OF CONGRESS CALL NUMBER
Classification number LB 2351
Item number .C33 2012
245 ## - TITLE STATEMENT
Title Cell phone dependency and the academic performance of high school students in Bernardo F. San Juan national high school
Statement of responsibility, etc. Jamcy E. Eriman... [et al.].
260 ## - PUBLICATION, DISTRIBUTION, ETC.
Date of publication, distribution, etc. 2012
300 ## - PHYSICAL DESCRIPTION
Extent 51 leaves :
Other physical details illustrations ;
Dimensions 28 cm.
336 ## - CONTENT TYPE
Content type term text
Content type code txt
Source rdacontent
337 ## - MEDIA TYPE
Media type term unmediated
Media type code n
Source rdamedia
338 ## - CARRIER TYPE
Carrier type term volume
Carrier type code nc
Source rdacarrier
502 ## - DISSERTATION NOTE
Degree type Thesis (Bachelor of Science in Psychology) -- University of Rizal System-Morong.
520 ## - SUMMARY, ETC.
Summary, etc. EXECUTIVE SUMMARY: This study was conducted to determine the cell phone dependency and the academic performance of the Bernardo F. San Juan national high school students. This was conducted in the school year 2012-2013. The subject of the study comprised 200 students of the Bernardo f. San Juan national high school in Cardona, Rizal enrolled during school year 2012-2013. This study used descriptive method of research utilizing the researcher's made questionnaire checklist in gathering data about cellphone dependency and the academic performance of Bernardo F. San Juan national high school students. Moreover, documentary analysis was used for the academic performance of the respondents. The data gathered using researcher's made questionnaire checklist were statistically treated using mean and standard deviation, mean and ranking Pearson product moment (Pearson-r). The findings revealed that cell phone dependency has a significant relationship with the academic performance of the respondents. In terms of financial responsibility, the respondents were very responsible enough to handle it, that they were adoptive and accountable when it comes to modern approaches. Moreover, with respect to the importance of cell phone dependency, the respondents were responsible enough in using their cellphone on a more useful way. They were aware on the significant importance of cell phone and they know where and how to use it. Lastly, the third aspect of cell phone dependency, which is communication well with their supporting network. They are using their mobile phone on important matters not just for entertainment only. The respondents academic performance classified as cell phone users were found out to be "fair". This implied that their academic performance was not badly affected by their mobile phone. It explained that they can control the use of their cellphone with knowing on when and how to use it. The respondent performance can be considered as a good one for it did not result to conflicts regarding their grades. It also showed that the respondents were responsible to their studies even though they used cell phone. It is much different from the other expectations that cell phone mostly give bad influence to their studies. From the findings, the following were recommended: The school authorities should give considerations to the students in using cell phone to attain maximum and effective learning, the students must be aware on the proper use of cellphone that could help in their academic performance and parents should be cooperative with their children's teacher for guiding them on proper use of cell phone.
650 ## - SUBJECT ADDED ENTRY--TOPICAL TERM
Topical term or geographic name entry element Academic performance.
700 1# - ADDED ENTRY--PERSONAL NAME
Personal name Gellido, Jochelle SD.
Relator term author
700 1# - ADDED ENTRY--PERSONAL NAME
Personal name Halili, Rowena SA.
Relator term author
700 1# - ADDED ENTRY--PERSONAL NAME
Personal name Imperial, Monica F.
Relator term author
856 ## - ELECTRONIC LOCATION AND ACCESS
Materials specified Online Request for Student Unpublished Works
Uniform Resource Identifier <a href="https://forms.gle/7LqvGGkaDrUQqz429">https://forms.gle/7LqvGGkaDrUQqz429</a>
942 ## - ADDED ENTRY ELEMENTS (KOHA)
Source of classification or shelving scheme Library of Congress Classification
Koha item type Theses and dissertations

No items available.

University of Rizal System
Email us at univlibservices@urs.edu.ph

Visit our Website www.urs.edu.ph/library